000 01120pam a22003134a 4500
001 13685617
003 OSt
005 20160820134338.0
008 040812s2006 mauab b 001 0 eng
010 _a 2004057945
020 _a978-007-125708-4
040 _aDLC
_cDLC
_dDLC
042 _apcc
050 0 0 _aHD62.4
_b.H63 2006
082 0 0 _aDC 658.049
_22006
_bH66i
100 1 _aHodgetts, Richard M.
245 1 0 _aInternational management :
_bculture, strategy, and behavior /
_cRichard M. Hodgetts, Fred Luthans, Jonathan Doh.
250 _aSixth Edition
260 _aBoston :
_bMcGraw-Hill,
_cc2006.
300 _axxviii, 609 p. :
_billustrations;
_c27 cm.
504 _aIncludes bibliographical references and index.
650 0 _aInternational business enterprises
_xManagement.
650 0 _aInternational business enterprises
_xManagement
_vCase studies.
700 1 _aLuthans, Fred.
700 1 _aDoh, Jonathan P.
906 _a7
_bcbc
_corignew
_d1
_eocip
_f20
_gy-gencatlg
942 _2ddc
_cDC
999 _c3976
_d3976